00396 a2200121 4500001001000000005001700010008004100027245007300068100002200141700002200163773007200185999001700257ART_1155420260410161858.0260409a 10aA model of benefit and tax share discrimination by a monopoly bureau1 aDenzau, Arthur T.1 aMackay, Robert J.0 tJournal of public economicsg- Vol. 13, NÂș 3 (jun. 1980)wREV11485 c25635d25635